000 00505nam a2200169Ia 4500
999 _c7996
_d7996
003 OSt
005 20200125115330.0
008 190216s9999||||xx |||||||||||||| ||und||
020 _a9788182093171
040 _coclc
082 _a658.4038011
_bAZA/M
100 _aAzam, Mohamed
_91405
245 0 _aManagement Information System /
_cMohamed Azam
260 _bVijay Nicoles Imprints,
_c2012.
_aChennai:
300 _a502p
942 _cBK
_2ddc
_h658.4038011
_iAZA/M
_k658.4038011
_mAZA/M